Alle PDC Premier League Darts Teilnehmer 2005 - Statistiken

Allgemein
  • Dieses Quiz wurde 28 mal gespielt
  • Das Durchschnittsergebnis liegt bei 5 aus 7
Antwortstatistiken
Ranking Land Dartsspieler % Korrekt
6 Kanada John Part
100%
1 England Phil Taylor
100%
3 England Peter Manley
76%
7 England Wayne Mardle
67%
4 Niederlande Roland Scholten
62%
2 England Colin Lloyd
57%
5 England Mark Dudbridge
38%
Keine übereinstimmenden Quizze gefunden
Verteilung der Resultate
Anzahl Personen mit jedem Resultat
Perzentil nach korrekt beantworteten Fragen
Ihre Resultats-Entwicklung
Sie haben dieses Quiz noch nicht gespielt